000 01253cam a2200349 a 4500
001 702369
003 GBCCL
005 20251029144149.0
008 960122s1996 ilua b 000 0 eng d
020 _a0802441831
020 _a9780802441836
035 _a702369
035 _a(OCoLC)34060368
040 _aOCedC
_cOCedC
_dICham
_dDLC
082 0 0 _a248.844
_221
_bTRE 1
100 1 _aTrent, John,
_d1952-
245 1 0 _aLove for all seasons :
_beight ways to nurture intimacy /
_cJohn Trent.
260 _aChicago :
_bMoody Press,
_cc1996.
300 _a236 p. :
_bill. ;
_c24 cm.
336 _atext
_btxt
_2rdacontent
337 _aunmediated
_bn
_2rdamedia
338 _avolume
_bnc
_2rdacarrier
504 _aIncludes bibliographical notes.
650 0 _aMarriage
_xReligious aspects
_xChristianity.
650 0 _aIntimacy (Psychology)
_xReligious aspects
_xChristianity.
650 0 _aLove
_xReligious aspects
_xChristianity.
650 0 _aMan-woman relationships
_xReligious aspects
_xChristianity.
906 _a7
_bcbc
_ccopycat
_d2
_encip
_f19
_gy-gencatlg
942 _2ddc
_cBK
_n0
999 _c10960
_d10960